Paesi a due confini dall'Italia - Statistics

Statistiche generali
  • Questo quiz è stato fatto 137 volte
  • Il punteggio medio è 13 su 16
Statistiche sulle risposte
Paese % Corretto
Germania
98%
Spagna
97%
Ungheria
95%
Croazia
93%
Belgio
92%
Lussemburgo
91%
Repubblica Ceca
91%
Andorra
90%
Slovacchia
89%
Monaco
85%
Liechtenstein
84%
Paesi Bassi
84%
Polonia
72%
Brasile
59%
Suriname
56%
Regno Unito
37%
Nessun quiz corrispondente trovato
Distribuzione punteggi
Percentuale di utenti per punteggio
Percentile per numero di risposta
I tuoi punteggi nel tempo
Non hai fatto questo quiz